000 00971nam a2200301Ia 4500
001 18374
003 IT-RoPAU
008 130308s9999 xx 000 0 und d
040 _aIT-RoPAU
040 _cIT-RoPAU
041 _aFRANCESE
100 _aPottier Bernard
100 _gCodice Aut. SPICS: 12924
245 _aSur la formulation des modalites en linguistique
245 _bModalites Logique, Linguistique, Semiotique
250 _a1a ed.
260 _aPARIS
260 _bDidier/Larousse
260 _c1976 [1° Ed.:1976 - Ed.Ling.Originale:1976]
300 _a"8 p. (prefazione: no ; testo: 8 [pagine: 39-46])"
500 _aFormulazione delle Modalità in Linguistica Modalità nella Comunicazione Plisemia dei Quattroverbi Francesi dovere Potere Sapere Volere Combinazione Sintattica indicazioni Semantiche
650 _aLINGUISTICA
650 _eCodice materia Spics: 3201
942 _cBK
957 _71
999 _c39580
_d39580
999 _bSI
999 _g1